00401cam a22001572 4500001001100000005001700011008004100028020001700069040001500086100003600101245004100137250001300178260003200191300001700223852000300240000002390420151217155235.0130415s xx 000 0 eng d a0195738193 : aKABUcKABU1 aAbdalla, Abdilatif.@000018367710aSauti ya dhiki /cAbdilatif Abdalla. a1st ed. aNairobi :bO. U. P.,c2012. axii, 131 p.1